000 00454 a2200157 4500
005 20250621073359.0
020 _a0-07-232058-3
082 _a519.5'02465 BOW
100 _aBOWERMAN. B. L.
245 _aBusiness Statistics in Practice.
250 _a2nd Ed,
260 _aNEW YORK,
_bMc Graw Hill Irwin,
_c2001.
300 _axxiii, 856p.; ill, figure, picture $ table
_bAppendix $Indix
_c28cm
700 _aO'CONNELL. R T, HAND. M. L.
942 _2ddc
_cBKS
999 _c4473
_d4473